| 000 | 00911nam a22002532 4500 | ||
|---|---|---|---|
| 001 | 0000025474 | ||
| 005 | 20151217154549.0 | ||
| 008 | 150930s xx 000 0 eng d | ||
| 020 | _a0314268471 : | ||
| 040 |
_aKABU _cKABU |
||
| 100 | 1 |
_aTokaji, Daniel P. _@0000186129 |
|
| 245 | 1 | 0 |
_aElection Law in a nutshell / _cby Daniel P. Tokaji. |
| 260 |
_aUSA : _bWEST, _c2013. |
||
| 300 | _axxi, 350 p. | ||
| 650 | 0 |
_aElection law _xUnited States. _@0000186075 |
|
| 852 | 1 | _9P8500KES | |
| 852 | 1 | _9P8500KES | |
| 852 | 1 | _9P8500KES | |
| 852 | 1 | _9P8500KES | |
| 852 | 1 | _9P8500KES | |
| 852 | 1 | _9P8500KES | |
| 908 | _a150930 | ||
| 950 | _@1 | ||
| 999 |
_c11735 _d11735 |
||